South-western algebra 1 : (Record no. 342874)

000 -LEADER
fixed length control field 01121 a2200301 4500
020 ## - INTERNATIONAL STANDARD BOOK NUMBER
International Standard Book Number 0538680474
020 ## - INTERNATIONAL STANDARD BOOK NUMBER
International Standard Book Number 9780538680479
082 04 - DEWEY DECIMAL CLASSIFICATION NUMBER
Classification number 512
090 ## - LOCALLY ASSIGNED LC-TYPE CALL NUMBER (OCLC); LOCAL CALL NUMBER (RLIN)
-- 305
-- 305
100 1# - MAIN ENTRY--PERSONAL NAME
Personal name Gerver, Robert.
245 10 - TITLE STATEMENT
Title South-western algebra 1 :
Remainder of title an integrated approach, student edition /
Statement of responsibility, etc. Robert Gerver.
260 ## - PUBLICATION, DISTRIBUTION, ETC.
Place of publication, distribution, etc. [S.l.] :
Name of publisher, distributor, etc. Intrepid Traveler,
Date of publication, distribution, etc. 1997.
300 ## - PHYSICAL DESCRIPTION
Extent 794 p. ;
Dimensions 26 cm.
500 ## - GENERAL NOTE
General note Hardcover.
520 ## - SUMMARY, ETC.
Summary, etc. This is the algebra program that applies math to real life, builds skills for work and careers, prepares your students for future math courses, and prepares students for state and national testing.
650 #4 - SUBJECT ADDED ENTRY--TOPICAL TERM
Topical term or geographic name entry element Science/Mathematics.
650 #4 - SUBJECT ADDED ENTRY--TOPICAL TERM
Topical term or geographic name entry element Algebra.
650 #4 - SUBJECT ADDED ENTRY--TOPICAL TERM
Topical term or geographic name entry element Mathematics.
650 #4 - SUBJECT ADDED ENTRY--TOPICAL TERM
Topical term or geographic name entry element Algebra - General.
650 #4 - SUBJECT ADDED ENTRY--TOPICAL TERM
Topical term or geographic name entry element General.
700 1# - ADDED ENTRY--PERSONAL NAME
Personal name Sgroi, Richard.
700 1# - ADDED ENTRY--PERSONAL NAME
Personal name Hansen, Mary.
700 1# - ADDED ENTRY--PERSONAL NAME
Personal name Carter, Claudia.
700 1# - ADDED ENTRY--PERSONAL NAME
Personal name Molina, David.
856 40 - ELECTRONIC LOCATION AND ACCESS
Materials specified Amazon.com
Uniform Resource Identifier <a href="http://www.amazon.com/exec/obidos/ASIN/0538680474/chopaconline-20">http://www.amazon.com/exec/obidos/ASIN/0538680474/chopaconline-20</a>
856 40 - ELECTRONIC LOCATION AND ACCESS
Materials specified Amazon customer reviews
Uniform Resource Identifier <a href="http://www.chopac.org/cgi-bin/tools/azrev.pl?q=0538680474">http://www.chopac.org/cgi-bin/tools/azrev.pl?q=0538680474</a>
942 ## - ADDED ENTRY ELEMENTS (KOHA)
Institution code [OBSOLETE] NBS
Koha item type Book
Call number prefix 512 GER
Holdings
Withdrawn status Lost status Damaged status Not for loan Permanent Location Current Location Date acquired Total Checkouts Full call number Barcode Date last seen Date last checked out Price effective from Koha item type
        Central Library (CL) Central Library (CL) 08/28/2013 1 512 GER NBS5735 11/23/2017 08/25/2017 08/28/2013 Book
        Central Library (CL) Central Library (CL) 08/28/2013 1 512 GER NBSD-153 11/23/2017 08/25/2017 08/28/2013 Book
© 2023 Central Library, National University of Sciences and Technology. All Rights Reserved.